| 000 | 00555nam a2200205 u 4500 | ||
|---|---|---|---|
| 005 | 20220905063545.0 | ||
| 008 | 100420s2006 mx r 000 0 spa d | ||
| 020 | _a8466368507 | ||
| 035 | _aUPN01000175415 | ||
| 049 | _aCG | ||
| 050 | 4 |
_aPQ8179 V3 _bV5a 2006 |
|
| 100 | 1 |
_aVallejo, Fernando, _d1942- _930274 |
|
| 245 | 1 | 3 |
_aLa Virgen de los Sicarios / _cFernando Vallejo. |
| 250 | _a3a ed. | ||
| 260 |
_aMéxico : _bAguilar, _c2006. |
||
| 300 | _a127 p. | ||
| 440 | 0 |
_aPunto de lectura ; _v126 |
|
| 650 | 0 |
_aNovela colombiana _95359 |
|
| 905 | _aLibro | ||
| 999 |
_c147519 _d147519 |
||